000 00681nam a2200229Ia 4500
001 Para_9913
008 220602s9999 xx 000 0 und d
020 _a978 - 0 - 85199 - 827 - 5
082 _aPA 589.2 C36 2007
100 _aCannon, Paul F.
_9185015
245 _aFungal Families of the World / Paul F. Cannon, Paul M. Kirk
260 _aWallingford : CABI
300 _a456 p.
500 _aIncluye referencias Bibliográficas
650 _aMicología \ Hongos
_9185016
700 _aKirk, Paul M.Ì
_9185017
901 _aPA 589.2 C36 2007
902 _aM
905 _a5222202007 8000000300 06
942 _c1
999 _c217207
_d217207